00224nam a2200085Ia 4500008004100000100001800041245002700059260004300086260000900129170620s9999 xx 000 0 und d aSharma- R. A. 0aTechnology of Teaching bMeerut- International Publishing House c2003